000 00545nam a2200181Ia 4500
005 20250508150235.0
008 008 250505s9999 xx 000 0 eng d
037 _aTextual
040 _aFEDL
_beng
_cFEDL
041 _aeng
_2eng
084 _a350.1, WAR
_qFEDL
100 _aWarner Richard
245 0 _aPrinciples of public administration : A study in the mechanics of social action
260 _aLondon, UK
_bISAAC Pitman and Sons Ltd.
_c1947
300 _a212p
942 _cTEXL
_h350.1, WAR
999 _c1322584
_d1322584